Catalog

Record Details

Catalog Search



The Amusement Park from the Black Lagoon. #27 / by ... Read More

Thaler, Mike,(author.).
Lee, Jared,(illustrator.).

Available copies

  • 3 of 3 copies available at LARL/NWRL Consortium. (Show)
  • 2 of 2 copies available at Lake Agassiz Regional Library.

Current holds

0 current holds with 3 total copies.

Show Only Available Copies
Location Call Number / Copy Notes Barcode Shelving Location Status Due Date
Breckenridge Public Library J THA (Text) 33500012455390 Main Available -
Climax Public Library J THA (Text) 33500012455382 Main Available -

Record details

  • ISBN: 9780545616416
  • ISBN: 0545616417
  • ISBN: 9781614796008 (Reinforced Library Bound Edition)
  • ISBN: 1614796009 (Reinforced Library Bound Edition)
  • Physical Description: 64 pages : black and white illustrations ; 20 cm.
  • Publisher: New York : Scholastic Inc., 2014.

Content descriptions

Summary, etc.:
It is time for a class trip, and all Hubie's ... Read More
Study Program Information Note:
Accelerated reader AR LG 2.6 0.5 166172.
Subject: Roller coasters > Juvenile fiction.
Amusement parks > Juvenile fiction.
Amusement parks
Roller coasters.
Amusement parks
Roller coasters.
Genre: Fiction.
Juvenile works.
Fiction.
Juvenile works.
LDR 01980cam a2200493Ii 4500
001246606
003LARL_NWRL_CONSORTIUM
00520170324165720.0
008140526s2014 nyua j 000 1 eng d
010 . ‡a 2014501753
040 . ‡aCNRCS ‡beng ‡erda ‡cCNRCS ‡dOCLCO ‡dBDX ‡dOCLCF ‡dIHI ‡dOCLCO ‡dDLC ‡dOCLCQ ‡dOU9 ‡dNCRJL ‡dIGA
020 . ‡a9780545616416
020 . ‡a0545616417
020 . ‡a9781614796008 (Reinforced Library Bound Edition)
020 . ‡a1614796009 (Reinforced Library Bound Edition)
035 . ‡a(OCoLC)880558939
092 . ‡aF
1001 . ‡aThaler, Mike, ‡eauthor.
24514. ‡aThe Amusement Park from the Black Lagoon. ‡n#27 / ‡cby Mike Thaler ; Illustrated by Jared Lee.
264 1. ‡aNew York : ‡bScholastic Inc., ‡c2014.
300 . ‡a64 pages : ‡bblack and white illustrations ; ‡c20 cm.
336 . ‡atext ‡btxt ‡2rdacontent
336 . ‡astill image ‡bsti ‡2rdacontent
337 . ‡aunmediated ‡bn ‡2rdamedia
338 . ‡avolume ‡bnc ‡2rdacarrier
4900 . ‡aBlack Lagoon adventures ; ‡v27
520 . ‡aIt is time for a class trip, and all Hubie's friends want to go to the amusement park. But Hubie doesn't. Waiting in long lines? Rides named after natural disasters? There's nothing amusing about that.
5260 . ‡aAccelerated reader AR ‡bLG ‡c2.6 ‡d0.5 ‡z166172.
650 0. ‡aRoller coasters ‡vJuvenile fiction.
650 0. ‡aAmusement parks ‡vJuvenile fiction.
650 7. ‡2fast ‡aAmusement parks ‡0(LARL_NWRL_CONSORTIUM)177580
650 7. ‡aRoller coasters. ‡2fast ‡0(LARL_NWRL_CONSORTIUM)29923
650 4. ‡aAmusement parks ‡0(LARL_NWRL_CONSORTIUM)177580
650 4. ‡aRoller coasters. ‡0(LARL_NWRL_CONSORTIUM)29923
655 7. ‡aFiction. ‡2fast
655 7. ‡aJuvenile works. ‡2fast
655 4. ‡aFiction.
655 4. ‡aJuvenile works.
7001 . ‡aLee, Jared, ‡eillustrator.
901 . ‡a246606 ‡b ‡c246606 ‡tbiblio

Additional Resources